000 00268nam a2200109 a 4500
005 20140414093830.0
008 970101s19uu xx 00 eng d
050 _aVHS 900
_bR 18
245 _aCoast to coast New Zealand video tours.
942 _cAVM
999 _c108623
_d108623